Prosecutorial misconduct and police excesses in Zambia

Detalles Bibliográficos
Autor principal: Chirwa, Joseph
Formato: eBook
Lenguaje:inglés
Publicado: Lusaka: Lambert Academic Publishing, 2019
Materias:
Acceso en línea:Acceso restringido

MARC

LEADER 00000nam a22000007a 4500
005 20190916214411.0
007 cr|||| ||||
008 190916s2019 zm |||||s|||| 00||0 eng d
020 |a 9786139444519 
035 |a 25394 
040 |a vLex 
090 |c 9535  |d 9535 
100 1 |a Chirwa, Joseph 
245 1 0 |a Prosecutorial misconduct and police excesses in Zambia  |h [Recurso electrn̤ico] /  |c Joseph Chirwa 
256 |a Servicio en ln̕ea 
260 |a Lusaka:  |b Lambert Academic Publishing,  |c 2019 
300 |a 1 recurso electrn̤ico 
506 1 |a Disponible solo en los productos indicados  |d vLex Global  |d vLex Global (Academic Edition, excluding Law Schools)  |d vLex Global (U.S. Academic Edition, Law Schools)  |d vLex Global (U.S. Academic Edition, excluding Law Schools)  |d vLex Global (Academic Edition, Law Schools) 
650 0 4 |a Derecho Penal  |z Zambia 
740 0 |a vLex Libros (Servicio en ln̕ea) 
856 4 0 |u http://vlex.com/source/25394  |z Acceso restringido 
942 |c BOOK 
999 0 |a Criminal law